Rhymes With ‘Pride’ Quiz 🌈 - Statistics

General Stats
  • This quiz has been taken 145 times
  • The average score is 12 of 30
Answer Stats
Answer % Correct
Ride
87%
Hide
78%
Side
78%
Lied
75%
Bide
66%
Tide
62%
Fried
61%
Cried
60%
Bride
57%
Slide
56%
Tried
56%
Pied
54%
Dried
48%
Glide
46%
Guide
43%
Dyed
38%
Snide
38%
Chide
34%
Eyed
29%
Plied
29%
Flied
28%
Shied
28%
I’d
24%
Pride
24%
Sighed
23%
Hied
13%
Skied
7%
Guyed
3%
Nighed
3%
Scried
1%
No matching quizzes found
Score Distribution
Percent of People with Each Score
Percentile by Number Answered
Your Score History
You have not taken this quiz